000 01002nam a2200253Ia 4500
999 _c49170
_d49170
001 16081
003 GE_BSU
005 20241206170024.0
008 181216s2010||||ru |||||||||||||| ||rus||
020 _a9785883732364
040 _cGE_BSU
080 _a316.3/4 А-23
100 _aАгапов, П. В.
_923900
245 _aРусская социология /
_cАгапов,П. В., Афанасьев, В. В. ; Редколлегия : Афанасьев В. В. ; Отв. ред. Божко Ю. В. ; Учен. секретарь : Гречихин В.Г. и др.
264 _aМосква :
_bКагон+Роои,
_c2010.
300 _a351 стр. ;
_c21 см.
440 _aСоциология и политология
_923901
505 _aБиблиогр. стр.340
653 _aРусская социология
653 _aСоциология
653 _aსოციოლოგია
700 _aАфанасьев, В.В.
_cАвтор
_923902
942 _cBK
_2udc